Classes in modern society

Bewaard in:
Bibliografische gegevens
Hoofdauteur: Bottomore, T. B (Auteur)
Formaat: Boek
Taal:Engels
Gepubliceerd in: Londres George Allen & Unwin 1966
Editie:2a. ed
Onderwerpen:
Tags: Voeg label toe
Geen labels, Wees de eerste die dit record labelt!

MARC

LEADER 00000nam a2200000 a 4500
001 UCT7018
003 CL-VaPUC
008 970116e19660000UK |||||||||||||||||eng|d
082 0 4 |a 305.5  |b BOT  |2 21 
100 0 |a Bottomore, T. B  |e author  |9 377569 
245 1 0 |a Classes in modern society 
250 |a 2a. ed 
300 |a 82 p 
942 |c BK 
945 |d 19970116 00:00:00  |a paguirre 
260 |a Londres  |b George Allen & Unwin  |c 1966 
650 0 |a Sociedad  |9 307903 
650 0 |a Sociología   |9 255410 
650 0 |a Clases sociales  |9 256858 
650 7 |a ESTRUCTURA SOCIAL  |2 CL-VaPUC  |9 377570 
650 0 |a Política  |9 255312 
650 0 |a Cultura  |9 269059 
650 7 |a SOCIEDADES INDUSTRIALES  |2 CL-VaPUC  |9 334592 
583 |a last modification  |c 19970116 00:00:00  |k Rodrigo Vera 
999 |c 255681  |d 255679 
952 |0 0  |1 0  |4 0  |6 305_500000000000000_BOT_1966  |7 0  |8 A  |9 278051  |a BIBDER  |b BIBDER  |d 2019-11-19  |i 1805290  |o 305.5 BOT 1966  |p 1805290  |r 2023-01-25  |w 2019-11-19  |y BK  |k DER